La Exposición Nacional de Panamá y la Sociedad Española de Beneficencia de Panamá. (Record no. 174929)

MARC details
000 -LEADER
campo de control de longitud fija 00506nam a22001455i 4500
001 - NÚMERO DE CONTROL
campo de control 174929
003 - IDENTIFICADOR DE NÚMERO DE CONTROL
campo de control ES-MaACL
005 - FECHA Y HORA DE LA ÚLTIMA TRANSACCIÓN
campo de control 20230906215710.0
008 - DATOS DE LONGITUD FIJA--INFORMACIÓN GENERAL
campo de control de longitud fija 100714s1913 sp |||| | spa d
245 03 - MENCIÓN DEL TÍTULO
Título La Exposición Nacional de Panamá y la Sociedad Española de Beneficencia de Panamá.
260 ## - PUBLICACIÓN, DISTRIBUCIÓN, ETC.
Lugar de publicación, distribución, etc. Madrid :
Nombre del editor, distribuidor, etc. [s.n.],
Fecha de publicación, distribución, etc. 1913 (
Fabricante Imp. de los hijos de M. G. Hernández)
300 ## - DESCRIPCIÓN FÍSICA
Extensión 15 p. ;
Dimensiones 23 cm.
611 2# - PUNTO DE ACCESO ADICIONAL DE MATERIA--NOMBRE DE REUNIÓN/CONGRESO
Nombre de congreso/reunión o jurisdicción como elemento de entrada Exposición Nacional de Panamá.
Fecha del congreso o de la firma del tratado 1913-1914)
9 (RLIN) 143223
852 ## - LOCALIZACIÓN
Ubicación ES-MaACL
Número de control de estantería T-1394-F-7
Holdings
Estatus retirado Estado de pérdida Estado de daño No para préstamo Colección Biblioteca de origen Biblioteca actual Ubicación en estantería Fecha de adquisición Fuente de adquisición Total de préstamos Signatura topográfica completa Código de barras Visto por última vez Precio de reemplazo Tipo de ítem Koha
        Colección de folletos Biblioteca del Ateneo de Madrid Biblioteca del Ateneo de Madrid Depósito folletos 14/07/2010     T-1394-F-7 1183666 23/02/2023 23/02/2023 Folleto